000 02222cam a22004694i 4500
003 PE-LiUPU
005 20260330180344.0
008 150617s1964 sp r 000 0 spa d
035 _a(Sirsi) a10331
040 _aPE-LiUPU
_bspa
_cPE-LiUPU
_erda
049 _aPRUA
082 0 4 _a220.93
_bZ59
_221
100 1 _aZehren, Eric,
_eautor.
245 1 4 _aLas colinas bíblicas la arqueología tras las huellas de Abraham :
_bMoises y Jesús /
_cEric Zehren.
264 1 _aBarcelona :
_bEdiciones Zeus,
_c1964.
300 _a610 páginas ;
_c21 centímetros
336 _atext
_2rdacontent
337 _aunmediated
_2rdamedia
338 _avolume
_2rdacarrier
505 0 _aLa ciencia de la excavación -- El hijo del zapatero -- El país legendario -- ¿Donde estuvo situada Nínive? -- Como se aprende a leer -- Smith y el diluvio -- La colina de la puerta de Dios -- Asur -- El desarrollo de la ciencia arqueológica -- Hacia las fuentes de la civilización -- Uruk, la ciudad de la virgen -- La colina de asfalto -- Después del diluvio -- El tesoro de Príamo.-Tell halaf -- En busca de los hijos de het -- La colina sedienta -- Arqueólogos entierra santa -- Los filisteos -- Las trompetas de Jericó -- Las tablas escritas de Samaria -- Jerusalén -- Los manuscritos -- La escritura de las palabras de Dios -- Los sucessores -- La tumba de Osiris -- Los graneros de José -- Los ministerios de las pirámides -- El crepúsculo de los dioses -- En el valle de de los reyes.
526 _aSEG42
526 _aSEG41
526 _aSEG40
526 _aSEG39
526 _aP94
526 _aP87
526 _aP86
526 _aP85
526 _aP77
526 _aP76
526 _aP35
630 1 4 _aBiblia.
_xAntigüedades
_97741
650 1 4 _aExcavaciones (Arqueología)
_zOriente Medio
_98319
651 2 4 _aOriente Medio
_xAntigüedades
_98307
651 2 4 _aPalestina
_xAntigüedades
_93129
910 _ajck
910 _adbm
942 _2ddc
_cBOOK
949 _a220.93 Z59
_wDEWEY
_c1
_i05892
_lCCODEBUL1
_mBUL
_p00.00
_r0
_sY
_tBOOK
_u19860212
_xTEOLOGIA
_0COMPRA
_o.STAFF. Colección Teología
980 _818226
_gJaime Vilcazán Jefe de Análisis Documental
999 _c366
_d366